00710 2200229 4500001002100000005001700021008004100038020001800079035002400097082001400121090002100135100002200156245010900178250001800287260002700305300002800332500002900360650004100389700002200430850001300452999001500465YOGYA-0209000001997320090227023356.0 ind  a979-533-526-x 0010-020900000019973 a652.55369 a652.55369bEko S aEKO JATMIKO, Wali aSeri aplikasi perkantoran berbasis windowsbMicrosoft Word 97cOleh Wali Eko Djatmiko, Tri Wahyu Wardani aEd. 2, Cet. 2 aYogyakartabAndic1999 ax, 163 hlmbilusc23 cm aBibliografi : hlm. [165] aMicrosoft Word 97 [Program Komputer] aTri Wahyu Wardani aYOPDYOGB a01P0003001